[Event "BRA-ch 85th sf Reg2"]
[Site "Manaus"]
[Date "2018.11.01"]
[Round "1"]
[White "Guimaraes, Diogo Duarte"]
[Black "Correia, Max do Carmo"]
[Result "1-0"]
[WhiteElo "2272"]
[BlackElo "1987"]
[PlyCount "76"]
[EventDate "2018.11.01"]
[EventType "swiss"]
[EventRounds "7"]
[EventCountry "BRA"]
[SourceTitle "CBM 189 Extra"]
[Source "ChessBase"]
[SourceDate "2019.06.03"]
[SourceVersion "1"]
[SourceVersionDate "2019.06.03"]
[SourceQuality "1"]

1. e4 d5 2. exd5 Qxd5 3. Nc3 Qa5 4. Bc4 e6 5. Nf3 Nf6 6. 0-0 Bd6 7. d4 c6 8. Re1 0-0 9. Ne5 Nbd7 10. Bf4 Bb4 11. Qf3 Bxc3 12. bxc3 Nd5 13. Bd2 Nxe5 14. Rxe5 b5 15. Bd3 Bb7 16. Qh3 g6 17. Qh6 Nf6 18. Bg5 Ng4 19. Qh4 Nxe5 20. dxe5 Qxc3 21. Rb1 Qxe5 22. Bf6 Qh5 23. Qf4 c5 24. Rxb5 e5 25. Bxe5 Rae8 26. Bc3 Re6 27. Rxb7 Qd1+ 28. Bf1 Qxc2 29. Qc4 Rb6 30. Rxa7 Rb1 31. g3 Rc1 32. Ra3 Qf5 33. Kg2 Rc2 34. Qf4 Qxf4 35. gxf4 Rd8 36. Bf6 Re8 37. Bb5 Rb8 38. Ra7 Rb2 1-0

[Event "Aracaju Academia Projeto Despertar 1st"]
[Site "Aracaju"]
[Date "2016.09.17"]
[Round "4.5"]
[White "Correia, Max do Carmo"]
[Black "Rodrigues, Jhonas Silva"]
[Result "1/2-1/2"]
[WhiteElo "1962"]
[BlackElo "1876"]
[PlyCount "58"]
[EventDate "2016.09.16"]
[EventType "tourn"]
[EventRounds "11"]
[EventCountry "BRA"]
[SourceTitle "EXT 2022"]
[Source "ChessBase"]
[SourceDate "2021.10.06"]
[SourceVersion "1"]
[SourceVersionDate "2021.10.06"]
[SourceQuality "1"]

1. e4 c6 2. d4 g6 3. Nf3 d5 4. exd5 cxd5 5. h3 Nc6 6. c3 Bg7 7. Bd3 Nf6 8. Bf4 0-0 9. Nbd2 Re8 10. 0-0 a6 11. a4 Qb6 12. b3 Bd7 13. Re1 e6 14. Ne5 Nxe5 15. Bxe5 Rac8 16. Rc1 Qa7 17. a5 b5 18. axb6 Qxb6 19. b4 Bb5 20. Nb3 Nd7 21. Bxg7 Kxg7 22. Nc5 Nxc5 23. bxc5 Qc6 24. Bxb5 Qxb5 25. Ra1 Ra8 26. Qa4 Qd3 27. Ra3 a5 28. Rd1 Qe2 29. Ra2 Qe4 1/2-1/2

[Event "Aracaju Academia Projeto Despertar 1st"]
[Site "Aracaju"]
[Date "2016.09.16"]
[Round "3.2"]
[White "Santana, Weslley Abreu"]
[Black "Correia, Max do Carmo"]
[Result "1/2-1/2"]
[WhiteElo "1841"]
[BlackElo "1962"]
[PlyCount "45"]
[EventDate "2016.09.16"]
[EventType "tourn"]
[EventRounds "11"]
[EventCountry "BRA"]
[SourceTitle "EXT 2022"]
[Source "ChessBase"]
[SourceDate "2021.10.06"]
[SourceVersion "1"]
[SourceVersionDate "2021.10.06"]
[SourceQuality "1"]

1. e4 e5 2. Nf3 Nc6 3. Bc4 Bc5 4. d3 Nf6 5. Nc3 d6 6. Bg5 h6 7. Be3 Bxe3 8. fxe3 0-0 9. 0-0 Be6 10. Bb3 Bxb3 11. axb3 Ne7 12. Nh4 Ng6 13. Nxg6 fxg6 14. Nd5 Nxd5 15. Rxf8+ Qxf8 16. exd5 Qf5 17. Qf3 Rf8 18. Rf1 Qxf3 19. Rxf3 Rxf3 20. gxf3 a5 21. Kg2 Kf7 22. Kf2 Kf6 23. Kg3 1/2-1/2

[Event "Aracaju Sergipe Memorial"]
[Site "Aracaju"]
[Date "2016.08.13"]
[Round "3.1"]
[White "Correia, Max do Carmo"]
[Black "Da Silva, Luiz Henrique Lopes"]
[Result "1/2-1/2"]
[WhiteElo "1960"]
[BlackElo "1729"]
[PlyCount "54"]
[EventDate "2016.08.12"]
[EventType "swiss"]
[EventRounds "5"]
[EventCountry "BRA"]
[SourceTitle "EXT 2022"]
[Source "ChessBase"]
[SourceDate "2021.10.06"]
[SourceVersion "1"]
[SourceVersionDate "2021.10.06"]
[SourceQuality "1"]

1. e4 c5 2. Nf3 e6 3. d4 cxd4 4. Nxd4 Nf6 5. Nc3 d6 6. Bg5 Be7 7. Qd2 a6 8. Be2 0-0 9. 0-0-0 Nc6 10. f4 Qc7 11. Bf3 e5 12. Nf5 Bxf5 13. exf5 Nd4 14. Qe3 Nxf5 15. Qd3 Nd4 16. Be4 Nxe4 17. Nd5 Nf2 18. Qd2 Bxg5 19. fxg5 Qxc2+ 20. Qxc2 Nxc2 21. Kxc2 Nxh1 22. Rxh1 f6 23. gxf6 gxf6 24. Kd3 Kf7 25. Rf1 Ke6 26. Nc7+ Ke7 27. Nd5+ Ke6 1/2-1/2

[Event "Aracaju Sergipe Memorial"]
[Site "Aracaju"]
[Date "2016.08.12"]
[Round "1.2"]
[White "Correia, Max do Carmo"]
[Black "Smith, Victor Gabriel Rang"]
[Result "1-0"]
[WhiteElo "1960"]
[BlackElo "1800"]
[PlyCount "47"]
[EventDate "2016.08.12"]
[EventType "swiss"]
[EventRounds "5"]
[EventCountry "BRA"]
[SourceTitle "EXT 2022"]
[Source "ChessBase"]
[SourceDate "2021.10.06"]
[SourceVersion "1"]
[SourceVersionDate "2021.10.06"]
[SourceQuality "1"]

1. d4 d5 2. c4 e6 3. Nc3 Nf6 4. Nf3 c5 5. e3 Nc6 6. Bd3 Be7 7. 0-0 0-0 8. a3 b6 9. Qe2 h6 10. Rd1 Ba6 11. dxc5 Bxc5 12. b4 d4 13. bxc5 bxc5 14. Nb5 Qd7 15. exd4 Bxb5 16. cxb5 Nxd4 17. Nxd4 cxd4 18. Bb2 e5 19. Qxe5 Ng4 20. Qxd4 Qxd4 21. Bxd4 Rfd8 22. Be4 Rab8 23. Bxa7 Rxb5 24. Rxd8# 1-0

[Event "Goiania-ch U26"]
[Site "Goiania"]
[Date "2013.10.25"]
[Round "2"]
[White "Correia, Max do Carmo"]
[Black "Vidal, Juan Ferreira"]
[Result "1-0"]
[WhiteElo "1987"]
[BlackElo "1782"]
[PlyCount "71"]
[EventDate "2013.10.24"]
[EventType "swiss"]
[EventRounds "7"]
[EventCountry "BRA"]
[SourceTitle "EXT 2014"]
[Source "ChessBase"]
[SourceDate "2013.11.20"]
[SourceVersion "1"]
[SourceVersionDate "2013.11.20"]
[SourceQuality "1"]

1. e4 e5 2. Nf3 Nc6 3. Bb5 a6 4. Ba4 Nf6 5. 0-0 b5 6. Bb3 Be7 7. Re1 d6 8. h3 Na5 9. c3 Nxb3 10. Qxb3 Be6 11. Qc2 Nd7 12. d4 exd4 13. cxd4 Nb6 14. Nc3 0-0 15. b3 d5 16. e5 c5 17. dxc5 Bxc5 18. Qd3 Qc7 19. Bd2 Nd7 20. Nxd5 Bxd5 21. Qxd5 Nb6 22. Qe4 Rac8 23. Ng5 g6 24. Qh4 f6 25. Ne6 fxe5 26. Nxc7 Bxf2+ 27. Qxf2 Rxf2 28. Kxf2 Rxc7 29. Rxe5 Rd7 30. Be3 Nd5 31. Rd1 Rf7+ 32. Kg1 Nc3 33. Rd8+ Rf8 34. Rxf8+ Kxf8 35. a3 Nb1 36. Re6 1-0

[Event "Joao Pessoa op 4th"]
[Site "Joao Pessoa"]
[Date "2013.03.17"]
[Round "6"]
[White "Correia, Max do Carmo"]
[Black "De Souza, Jose Roberto"]
[Result "1-0"]
[WhiteElo "1997"]
[BlackElo "1723"]
[PlyCount "73"]
[EventDate "2013.03.15"]
[EventType "swiss"]
[EventRounds "6"]
[EventCountry "BRA"]
[SourceTitle "CBM 153 Extra"]
[Source "ChessBase"]
[SourceDate "2013.04.22"]
[SourceVersion "1"]
[SourceVersionDate "2013.04.22"]
[SourceQuality "1"]

1. e4 c5 2. Nf3 Nc6 3. d4 cxd4 4. Nxd4 Nf6 5. Nc3 e5 6. Ndb5 d6 7. Bg5 a6 8. Bxf6 gxf6 9. Na3 b5 10. Nd5 f5 11. Bd3 Be6 12. c3 Bxd5 13. exd5 Ne7 14. Nxb5 e4 15. Qa4 Bg7 16. Nc7+ Kf8 17. Nxa8 Qxa8 18. Qxa6 Qxd5 19. Bc4 Qc5 20. Rd1 Be5 21. Qb5 Qc7 22. Qb3 Nc8 23. a4 Kg7 24. Bd5 Nb6 25. 0-0 Nxd5 26. Rxd5 Qe7 27. f4 Bf6 28. Rxf5 e3 29. c4 e2 30. Re1 Qa7+ 31. c5 Bd4+ 32. Kh1 Re8 33. cxd6 Bf2 34. Qc3+ Qd4 35. Qxd4+ Bxd4 36. a5 Rd8 37. Rd5 1-0

[Event "Joao Pessoa op 4th"]
[Site "Joao Pessoa"]
[Date "2013.03.17"]
[Round "5"]
[White "Rodrigues, Jhonas Silva"]
[Black "Correia, Max do Carmo"]
[Result "1/2-1/2"]
[WhiteElo "1913"]
[BlackElo "1997"]
[PlyCount "30"]
[EventDate "2013.03.15"]
[EventType "swiss"]
[EventRounds "6"]
[EventCountry "BRA"]
[SourceTitle "CBM 153 Extra"]
[Source "ChessBase"]
[SourceDate "2013.04.22"]
[SourceVersion "1"]
[SourceVersionDate "2013.04.22"]
[SourceQuality "1"]

1. d4 Nf6 2. c4 g6 3. Nc3 d5 4. Bf4 c6 5. Nf3 Bg7 6. e3 0-0 7. h3 b6 8. Be2 Ba6 9. cxd5 Bxe2 10. Qxe2 Nxd5 11. Nxd5 Qxd5 12. 0-0 a5 13. Bxb8 Raxb8 14. Rab1 Rfc8 15. b3 a4 1/2-1/2

[Event "Joao Pessoa op 4th"]
[Site "Joao Pessoa"]
[Date "2013.03.16"]
[Round "4"]
[White "Correia, Max do Carmo"]
[Black "Moraes, Maurino Anastacio"]
[Result "1/2-1/2"]
[WhiteElo "1997"]
[BlackElo "1717"]
[PlyCount "112"]
[EventDate "2013.03.15"]
[EventType "swiss"]
[EventRounds "6"]
[EventCountry "BRA"]
[SourceTitle "CBM 153 Extra"]
[Source "ChessBase"]
[SourceDate "2013.04.22"]
[SourceVersion "1"]
[SourceVersionDate "2013.04.22"]
[SourceQuality "1"]

1. e4 c6 2. d4 d5 3. Nd2 dxe4 4. Nxe4 Nf6 5. Nxf6+ exf6 6. Bf4 Bd6 7. Bxd6 Qxd6 8. Qd2 Be6 9. Nf3 0-0 10. Be2 Nd7 11. 0-0 Rfe8 12. c4 Rad8 13. Rad1 Nf8 14. Nh4 g5 15. Nf3 Ng6 16. g3 h5 17. Kg2 Kg7 18. Ne1 Qd7 19. Kg1 Bh3 20. Ng2 Rh8 21. Bf3 h4 22. b3 hxg3 23. fxg3 Bg4 24. Ne3 Bh3 25. Bg2 Ne7 26. Qf2 Rh6 27. Rd2 Rdh8 28. Bxh3 Qxh3 29. Nf5+ Nxf5 30. Qxf5 Qxf5 31. Rxf5 Rd8 32. d5 Rhh8 33. d6 Rd7 34. c5 a5 35. Rdf2 Rh6 36. Rd2 Rh8 37. Rf3 Re8 38. Kf2 Re5 39. Rc3 g4 40. Rc4 f5 41. a3 f6 42. Rc3 Kf7 43. Rc4 Ke6 44. Kg2 Re4 45. Rcc2 Re5 46. Re2 Rh7 47. b4 axb4 48. axb4 Rd7 49. h4 gxh3+ 50. Kxh3 Rh7+ 51. Kg2 Rg7 52. Kf3 Rd7 53. Re3 Rg7 54. Rce2 Rg4 55. Rd3 Rg7 56. Red2 Kd7 1/2-1/2

[Event "Recife Dokmus op"]
[Site "Recife"]
[Date "2013.01.18"]
[Round "2"]
[White "Correia, Max do Carmo"]
[Black "Fernandez, Maria Florencia"]
[Result "0-1"]
[WhiteElo "1975"]
[BlackElo "2188"]
[PlyCount "78"]
[EventDate "2013.01.17"]
[EventType "swiss"]
[EventRounds "7"]
[EventCountry "BRA"]
[SourceTitle "CBM 152 Extra"]
[Source "ChessBase"]
[SourceDate "2013.02.25"]
[SourceVersion "1"]
[SourceVersionDate "2013.02.25"]
[SourceQuality "1"]

1. e4 c5 2. Nf3 d6 3. d4 cxd4 4. Nxd4 Nf6 5. Nc3 g6 6. Be3 Bg7 7. f3 0-0 8. Qd2 Nc6 9. Bc4 Bd7 10. 0-0-0 Rb8 11. g4 b5 12. Bb3 Na5 13. Bh6 Bxh6 14. Qxh6 e5 15. Nf5 Nxb3+ 16. axb3 gxf5 17. gxf5 Kh8 18. Rhg1 Rg8 19. Rxg8+ Nxg8 20. Qxd6 Rb7 21. Qxe5+ Qf6 22. Qg3 Qg7 23. Qf2 b4 24. Nd5 Bc6 25. Rg1 Qh6+ 26. Kb1 Bxd5 27. Qd4+ Nf6 28. e5 Rb8 29. exf6 Qxh2 30. Rd1 Rd8 31. Qxb4 Qd6 32. Qh4 Qe5 33. Qh6 Qg3 34. Rh1 Qg8 35. Qh2 Bxf3 36. Rg1 Qxg1+ 37. Qxg1 Rd1+ 38. Qxd1 Bxd1 39. Kc1 Bg4 0-1

[Event "Sergipe-ch"]
[Site "Aracaju"]
[Date "2012.12.22"]
[Round "5"]
[White "Santana, Weslley Abreu"]
[Black "Correia, Max do Carmo"]
[Result "1/2-1/2"]
[WhiteElo "1959"]
[BlackElo "1964"]
[PlyCount "40"]
[EventDate "2012.12.20"]
[EventType "swiss"]
[EventRounds "5"]
[EventCountry "BRA"]
[SourceTitle "EXT 2022"]
[Source "ChessBase"]
[SourceDate "2021.10.06"]
[SourceVersion "1"]
[SourceVersionDate "2021.10.06"]
[SourceQuality "1"]

1. d4 Nf6 2. c4 g6 3. Nc3 d5 4. e3 Bg7 5. Be2 0-0 6. h3 c5 7. Nf3 cxd4 8. Nxd4 a6 9. 0-0 dxc4 10. Bxc4 b5 11. Bb3 Bb7 12. a3 Qb6 13. Nf3 Nc6 14. Qe2 Rac8 15. Rd1 Na5 16. Ba2 Ne4 17. Nxe4 Bxe4 18. Nd4 e5 19. Nf3 Rc2 20. Rd2 Rfc8 1/2-1/2

[Event "Serra Talhada op"]
[Site "Serra Talhada"]
[Date "2012.11.16"]
[Round "4"]
[White "Monte, Edmar Ferreira"]
[Black "Correia, Max do Carmo"]
[Result "0-1"]
[WhiteElo "1726"]
[BlackElo "1964"]
[PlyCount "111"]
[EventDate "2012.11.15"]
[EventType "swiss"]
[EventRounds "7"]
[EventCountry "BRA"]
[SourceTitle "CBM 151 Extra"]
[Source "ChessBase"]
[SourceDate "2012.12.18"]
[SourceVersion "1"]
[SourceVersionDate "2012.12.18"]
[SourceQuality "1"]

1. c4 Nf6 2. Nc3 g6 3. g3 Bg7 4. Bg2 d6 5. d4 0-0 6. Nf3 Nbd7 7. 0-0 e5 8. dxe5 dxe5 9. Rb1 c6 10. Qd6 Ne8 11. Qd3 h6 12. b3 Qe7 13. e4 f5 14. Nh4 Qf6 15. Ba3 Rf7 16. Rbd1 f4 17. c5 b6 18. b4 a5 19. b5 Nxc5 20. Bxc5 bxc5 21. Qd8 Kh7 22. Qxf6 Bxf6 23. Nf3 cxb5 24. Nxb5 Ba6 25. a4 Nc7 26. Nxc7 Rxc7 27. Rfe1 fxg3 28. hxg3 c4 29. Rd5 Bb7 30. Rd6 Be7 31. Re6 Bb4 32. Rc1 Bxe4 33. Nxe5 Bxg2 34. Kxg2 c3 35. Rc2 Rd8 36. Nf3 g5 37. g4 Rd1 38. Ree2 Rdd7 39. Re4 Kg7 40. Ree2 Kf6 41. Re5 Kg7 42. Re4 Re7 43. Rxe7+ Rxe7 44. Nd4 Rd7 45. Nf5+ Kf6 46. Ne3 Ke5 47. Re2 Kd4 48. Kf1 Rc7 49. Kg2 Kd3 50. Kf1 c2 51. Nxc2 Rxc2 52. Re3+ Kc4 53. Re6 Bc5 54. Rf6 Rxf2+ 55. Rxf2 Bxf2 56. Kxf2 0-1

[Event "BRA-ch sf-B"]
[Site "Fortaleza"]
[Date "2012.11.02"]
[Round "3"]
[White "Azevedo, Alcides Alexandre"]
[Black "Correia, Max do Carmo"]
[Result "0-1"]
[WhiteElo "2073"]
[BlackElo "1964"]
[PlyCount "88"]
[EventDate "2012.11.01"]
[EventType "swiss"]
[EventRounds "8"]
[EventCountry "BRA"]
[SourceTitle "EXT 2013"]
[Source "ChessBase"]
[SourceDate "2012.11.22"]
[SourceVersion "1"]
[SourceVersionDate "2012.11.22"]
[SourceQuality "1"]

1. c4 Nf6 2. d4 g6 3. Nc3 d5 4. Bg5 Ne4 5. Nxe4 dxe4 6. e3 Bg7 7. Ne2 c5 8. Qa4+ Bd7 9. Qa3 h6 10. Bf4 cxd4 11. exd4 Nc6 12. Be3 a5 13. 0-0-0 0-0 14. Nc3 Bf5 15. d5 Nb4 16. h3 h5 17. Be2 Qc8 18. Rhg1 Nd3+ 19. Bxd3 exd3 20. c5 Qd7 21. f3 b5 22. cxb6 Bxc3 23. bxc3 Qxd5 24. g4 Qxf3 25. Bh6 hxg4 26. hxg4 Bxg4 27. Bxf8 Qe3+ 28. Kb1 Bxd1 29. Rxd1 Qxb6+ 30. Qb2 Qxb2+ 31. Kxb2 Kxf8 32. Rxd3 f5 33. c4 Kf7 34. Kc3 g5 35. c5 g4 36. Kc4 f4 37. Rd5 Kf6 38. Kb5 g3 39. Rd4 Ke5 40. Rd7 g2 41. Rxe7+ Kf6 42. Re1 f3 43. Re3 g1Q 44. Rxf3+ Ke5 0-1

[Event "Aracaju Sergipe zt"]
[Site "Aracaju"]
[Date "2012.09.15"]
[Round "4"]
[White "Correia, Max do Carmo"]
[Black "Ferreira Santos, Lucas Willian"]
[Result "0-1"]
[WhiteElo "1958"]
[BlackElo "1766"]
[PlyCount "65"]
[EventDate "2012.09.01"]
[EventType "swiss"]
[EventRounds "6"]
[EventCountry "BRA"]
[SourceTitle "EXT 2022"]
[Source "ChessBase"]
[SourceDate "2021.10.06"]
[SourceVersion "1"]
[SourceVersionDate "2021.10.06"]
[SourceQuality "1"]

1. e4 e5 2. Nf3 d6 3. d4 exd4 4. Nxd4 Nf6 5. Nc3 Bd7 6. Be2 Nc6 7. Be3 Be7 8. f4 0-0 9. g4 g6 10. f5 Ne8 11. Bc4 Ne5 12. Qe2 Bh4+ 13. Kd2 Kh8 14. Nf3 Nxg4 15. Nxh4 Qxh4 16. Bd4+ Ne5 17. Raf1 Nf6 18. Kc1 c5 19. Bf2 Qg4 20. Rd1 Bc6 21. Rxd6 Nxc4 22. Qxc4 Qf4+ 23. Kb1 Qxd6 24. Bxc5 Qf4 25. Qd4 Kg7 26. Be7 Qh4 27. Qd6 Nxe4 28. Qd4+ f6 29. Bxf8+ Rxf8 30. Nd5 Rd8 31. c4 Nd2+ 32. Qxd2 Qe4+ 33. Ka1 0-1

[Event "BRA Universities op"]
[Site "Goiania"]
[Date "2012.06.15"]
[Round "6"]
[White "Correia, Max do Carmo"]
[Black "De Freitas, Daniel Gomes"]
[Result "0-1"]
[WhiteElo "1975"]
[BlackElo "1875"]
[PlyCount "80"]
[EventDate "2012.06.13"]
[EventType "swiss"]
[EventRounds "7"]
[EventCountry "BRA"]
[SourceTitle "CBM 149 Extra"]
[Source "ChessBase"]
[SourceDate "2012.08.24"]
[SourceVersion "1"]
[SourceVersionDate "2012.08.24"]
[SourceQuality "1"]

1. e4 e6 2. d4 d5 3. Nd2 dxe4 4. Nxe4 Be7 5. Nf3 Nf6 6. Bd3 0-0 7. Bd2 Nbd7 8. Qe2 c6 9. c4 c5 10. dxc5 Bxc5 11. 0-0 Nxe4 12. Bxe4 Nf6 13. b4 Nxe4 14. Qxe4 Be7 15. Rad1 Qb6 16. c5 Qa6 17. Bf4 Qxa2 18. Bd6 f5 19. Qf4 Bxd6 20. Rxd6 Qb2 21. Qc4 a5 22. b5 a4 23. Rd2 Qf6 24. Rfd1 a3 25. g3 Kh8 26. Ra2 e5 27. Rd6 Qe7 28. Qd5 Re8 29. Qxe5 Qxe5 30. Nxe5 Be6 31. Ra1 a2 32. c6 bxc6 33. b6 Rab8 34. Rxc6 Bd5 35. Rd6 Rxe5 36. f4 Re2 37. Rxd5 Rb2 38. Rad1 g6 39. Rd8+ Rxd8 40. Rxd8+ Kg7 0-1

[Event "BRA Universities op"]
[Site "Goiania"]
[Date "2012.06.13"]
[Round "2"]
[White "Correia, Max do Carmo"]
[Black "Martins, Vinicius Tine"]
[Result "0-1"]
[WhiteElo "1975"]
[BlackElo "2326"]
[PlyCount "66"]
[EventDate "2012.06.13"]
[EventType "swiss"]
[EventRounds "7"]
[EventCountry "BRA"]
[SourceTitle "CBM 149 Extra"]
[Source "ChessBase"]
[SourceDate "2012.08.24"]
[SourceVersion "1"]
[SourceVersionDate "2012.08.24"]
[SourceQuality "1"]

1. e4 c5 2. Nf3 d6 3. d4 cxd4 4. Nxd4 Nf6 5. Nc3 a6 6. Be3 e5 7. Nb3 Be6 8. Be2 Nbd7 9. 0-0 Be7 10. f4 Qc7 11. f5 Bc4 12. Nd2 Bxe2 13. Qxe2 b5 14. a3 Nb6 15. Kh1 0-0 16. g4 d5 17. g5 d4 18. gxf6 Bxf6 19. Rf3 dxc3 20. bxc3 Nc4 21. Nxc4 Qxc4 22. Qxc4 bxc4 23. Rb1 Be7 24. Rb7 Bxa3 25. f6 g6 26. Bh6 Rfb8 27. Rc7 Rc8 28. Rb7 a5 29. h4 Bf8 30. Be3 h5 31. Rf1 a4 32. Ra1 a3 33. Rb5 Rcb8 0-1

[Event "Sergipe-ch"]
[Site "Aracaju"]
[Date "2011.12.18"]
[Round "5"]
[White "Da Rocha, Fabio"]
[Black "Correia, Max do Carmo"]
[Result "1/2-1/2"]
[WhiteElo "2036"]
[BlackElo "1970"]
[PlyCount "30"]
[EventDate "2011.12.17"]
[EventType "swiss"]
[EventRounds "5"]
[EventCountry "BRA"]
[SourceTitle "EXT 2022"]
[Source "ChessBase"]
[SourceDate "2021.10.06"]
[SourceVersion "1"]
[SourceVersionDate "2021.10.06"]
[SourceQuality "1"]

1. Nf3 Nf6 2. g3 g6 3. Bg2 Bg7 4. 0-0 d6 5. d4 0-0 6. c4 Nbd7 7. Nc3 c6 8. e4 e5 9. dxe5 dxe5 10. Bg5 Qc7 11. h3 b6 12. Qd2 Bb7 13. Rad1 Nc5 14. Bxf6 Bxf6 15. Qc2 Ne6 1/2-1/2

[Event "BRA-ch sf 78th"]
[Site "Belem"]
[Date "2011.11.02"]
[Round "7.12"]
[White "Azevedo, Edmundo Roberto Ram"]
[Black "Correia, Max do Carmo"]
[Result "0-1"]
[WhiteElo "2089"]
[BlackElo "1970"]
[PlyCount "120"]
[EventDate "2011.10.29"]
[EventType "swiss"]
[EventRounds "8"]
[EventCountry "BRA"]
[SourceTitle "EXT 2022"]
[Source "ChessBase"]
[SourceDate "2021.10.06"]
[SourceVersion "1"]
[SourceVersionDate "2021.10.06"]
[SourceQuality "1"]

1. d4 d5 2. Bf4 e6 3. e3 c5 4. Bxb8 Rxb8 5. Bb5+ Bd7 6. Bxd7+ Qxd7 7. c3 Nf6 8. Nf3 Bd6 9. 0-0 0-0 10. Nbd2 b5 11. dxc5 Bxc5 12. a3 Qc7 13. Rc1 Rfc8 14. Qe2 Qb6 15. h3 a5 16. Nb3 Bd6 17. Nbd4 g6 18. Nc2 Ne4 19. Nd2 Nc5 20. e4 Bf4 21. exd5 Bxd2 22. Qxd2 Nb3 23. Qg5 Nxc1 24. Rxc1 exd5 25. Qxd5 Rd8 26. Qg5 Rbc8 27. Nd4 Rc5 28. Qh6 b4 29. axb4 axb4 30. Nf3 Rh5 31. Qf4 bxc3 32. bxc3 Rf5 33. Qh6 Qc5 34. c4 Rc8 35. h4 Qa3 36. Re1 Qc3 37. Re4 Rfc5 38. Ng5 Qg7 39. Qxg7+ Kxg7 40. g3 h6 41. Nf3 Rxc4 42. Rxc4 Rxc4 43. Kg2 f5 44. Ne5 Re4 45. Nd3 Kf6 46. Kf3 Rc4 47. Nf4 Ra4 48. Nd5+ Ke5 49. Nf4 Rxf4+ 50. gxf4+ Kd4 51. Kg3 h5 52. f3 Ke3 53. Kg2 Kxf4 54. Kf2 Ke5 55. Ke3 f4+ 56. Ke2 Ke6 57. Kd3 Kd5 58. Kc3 g5 59. hxg5 h4 60. g6 Ke6 0-1